000 00749nas a2200253 4500
001 BR2012001489
003 BR-BrBNA
005 20231205120230.0
007 ta
008 230509b bl.|||p| |||| 00| 00por d
040 _aBR-BrBNA
_bpor
_cBiblioteca Nacional de Agricultura
041 _a(Pt)
072 _aE10
110 1 _aFundação Getúlio Vargas, Brasília, DF (Brasil)
_95141
245 1 _aAgricultura mundial - Vai faltar comida?
650 _aALIMENTO
650 _aDEMANDA
650 _aESCASSEZ DE ALIMENTO
650 _aCRESCIMENTO
650 _aPRODUÇÃO
773 0 _tAgroanalysis (Brazil)
_xISSN 0100-4298
_g(Apr 2011), v.31(4) p. 14-16
_wBR2012001489
909 _a202311
_bLúcia
_c55
_dLúcia Elande
942 _2AGRIS
_n0
_cANA
999 _c217546
_d217546